Statistics for Race-to-Twelve Word Puzzle #1

Click here to take the quiz!

General Stats

  • This quiz has been taken 403 times
  • The average score is 5 of 10

Answer Stats

#Answer% Correct
3Sat, Tas
100%
4Ants, Tans
99%
5Antis, Saint, Satin, Stain, Tains
99%
6Actins, Antics, Nastic
62%
7Actions, Atonics, Cations
48%
8Actinons, Canonist, Contains, Sanction, Sonantic
42%
9Constrain, Transonic
18%
10Containers, Crenations
12%
11Concertinas
8%
12Consecration
8%

Score Distribution

Percentile by Number Answered

Percent of People with Each Score

Your Score History

You have not taken this quiz